Japan pinks
A techno-thriller about a killer earthquake and an unseen force in the Japan Trench that threatens to pull the economic superpower under - literally.
সংরক্ষণ করুন:
| প্রধান লেখক: | |
|---|---|
| বিন্যাস: | গ্রন্থ |
| ভাষা: | Undetermined |
| প্রকাশিত: |
New York
Harper & Row
1976
|
| বিষয়গুলি: | |
| ট্যাগগুলো: |
ট্যাগ যুক্ত করুন
কোনো ট্যাগ নেই, প্রথমজন হিসাবে ট্যাগ করুন!
|
| Thư viện lưu trữ: | Trung tâm Học liệu Trường Đại học Cần Thơ |
|---|
| LEADER | 00677nam a2200193Ia 4500 | ||
|---|---|---|---|
| 001 | CTU_113453 | ||
| 008 | 210402s9999 xx 000 0 und d | ||
| 082 | |a 895.635 | ||
| 082 | |b K81 | ||
| 100 | |a Komatsu, Sakyo | ||
| 245 | 0 | |a Japan pinks | |
| 245 | 0 | |c Sakyo Komatsu; Translated from the Japanese Michael Gallagher | |
| 260 | |a New York | ||
| 260 | |b Harper & Row | ||
| 260 | |c 1976 | ||
| 520 | |a A techno-thriller about a killer earthquake and an unseen force in the Japan Trench that threatens to pull the economic superpower under - literally. | ||
| 650 | |a Japan fiction,Japan literature | ||
| 904 | |i M.Loan | ||
| 980 | |a Trung tâm Học liệu Trường Đại học Cần Thơ | ||